Loading...

Challenging untouchability : dalit initiative and experience from Karnataka

Bibliographic Details
Main Author: Simon R Charsley (ed.)
Other Authors: Karanth G K (ed.)
Format: Printed Book
Published: New Delhi Sage 1998
Series:Cultural subordination and the dalit challenge vol.1
Subjects:
LEADER 00706nam a22001931a 4500
020 |c 0.00 
040 |a SSUS - Library - Kalady 
082 |a 305.568  |b SIM/C 
100 |a Simon R Charsley (ed.) 
245 |a Challenging untouchability : dalit initiative and experience from Karnataka  |h [Text] 
260 |a New Delhi  |b Sage  |c 1998 
300 |a 323p. 
440 |a Cultural subordination and the dalit challenge  |v vol.1 
600 |a Caste System Karnataka 
700 |a Karanth G K (ed.) 
852 |h 305.568  |i SIM/C  |p 010182  |9 450.00  |t 0 
942 |c BK 
999 |c 6943  |d 6943 
952 |0 0  |1 0  |4 0  |6 305_568000000000000_SIM_C  |7 0  |9 10460  |a SSUS  |b SSUS  |d 2015-01-08  |g 450.00  |o 305.568 SIM/C  |p 010182  |r 2015-01-08  |v 0.00  |w 2015-01-08  |y BK